000 00909nam a22002175i 4500
001 159830
003 ES-MaACL
005 20250810090443.0
008 991213s1864 fr ab |||| | fre d
040 _aCCPB | B
_bspa
_cCCPB | B
245 0 0 _aMission de phénicie /
_cdirigée par M. Ernest Renan.
260 _aParis :
_bImprimerie Impériale :
_bMichel Lévy Frères éditeurs,
_c1864 (
_fImprimerie de J. Clave)
300 _a2 v. ;
_c35, 53 cm.
505 8 _aContiene: T. I: Texto ([4], 884, [4] p. : il) -- T. II: Planches / exécutées sous la direction de M. Thobois ([6] p., LXX h. de lám.)
599 _aIlustraciones xil.
599 _aLas h. de lám. son litogr. en bl. y n. y col.: "Lith. par J. Laurens [etc.]"
650 7 _aRestos arqueológicos fenicios
_2embne
_9239105
852 _aES-MaACL
_jB-7724-7725
_z-- Enc. hol.
942 _2udc
999 _c159830
_d159830